Southville International School and Colleges
Your cart is empty.
  • Cart
  • Lists
    Public lists Eva Luna New books Lux_list list_1
    Your lists Log in to create your own lists
  • Log in to your account
  • Your cookies
  • Search history
Southville International School and Colleges
  • Advanced search
  • Recent comments
  • Most popular
  • Libraries

Log in to your account

Log in with GOOGLE


If you do not have an external account, but do have a local account, you can still log in:

  1. Home
  2. MARC view: Bulletin of FVR "sermons" :
Normal view MARC view ISBD view

Bulletin of FVR "sermons" : (Record no. 283984)

[ view plain ]
MARC details
000 -LEADER
fixed length control field 01336cam a2200277 a 4500
001 - CONTROL NUMBER
control field 16507658
003 - CONTROL NUMBER IDENTIFIER
control field PILC
005 - DATE AND TIME OF LATEST TRANSACTION
control field 20150514121257.0
008 - FIXED-LENGTH DATA ELEMENTS--GENERAL INFORMATION
fixed length control field 101019m20079999ph a 001 0 eng
010 ## - LIBRARY OF CONGRESS CONTROL NUMBER
LC control number 2009316274
040 ## - CATALOGING SOURCE
Original cataloging agency DLC
Transcribing agency DLC
Modifying agency DLC
042 ## - AUTHENTICATION CODE
Authentication code lcode
-- pcc
043 ## - GEOGRAPHIC AREA CODE
Geographic area code a-ph---
050 00 - LIBRARY OF CONGRESS CALL NUMBER
Classification number DS 686.614
Item number .R356 2012
100 1# - MAIN ENTRY--PERSONAL NAME
Personal name Ramos, Fidel V.,
Dates associated with a name 1928-
245 10 - TITLE STATEMENT
Title Bulletin of FVR "sermons" :
Statement of responsibility, etc Fidel V. Ramos.
Remainder of title winning peace and development /
246 3# - VARYING FORM OF TITLE
Title proper/short title Bulletin of Fidel V. Ramos sermons
260 ## - PUBLICATION, DISTRIBUTION, ETC. (IMPRINT)
Place of publication, distribution, etc [Manila, Philippines] :
Name of publisher, distributor, etc Ramos Peace and Development Foundation and the Manila Bulletin,
Date of publication, distribution, etc 2012.
300 ## - PHYSICAL DESCRIPTION
Extent x, 244 pages :
Other physical details color illustrations ;
Dimensions 23 cm.
500 ## - GENERAL NOTE
General note Includes index.
505 1# - FORMATTED CONTENTS NOTE
Formatted contents note [v. 1] Raising the national spirit, selected articles from the Sunday column of former President Fidel V. Ramos in the Manila Bulletin -- v. 2. Selected writings in the Manila Bulletin Sunday column of former President Fidel V. Ramos -- v. 3. Unity, solidarity, teamwork, selected articles from the Sunday columns of X-President Fidel V. Ramos in the Manila Bulletin
651 #0 - SUBJECT ADDED ENTRY--GEOGRAPHIC NAME
Geographic name Philippines
General subdivision Politics and government
Chronological subdivision 1986-
906 ## - LOCAL DATA ELEMENT F, LDF (RLIN)
a 7
b cbc
c origode
d 2
e ncip
f 20
g y-gencatlg
942 ## - ADDED ENTRY ELEMENTS (KOHA)
Source of classification or shelving scheme Library of Congress Classification
Koha item type Books
Call number prefix Filipininana
Holdings
Withdrawn status Lost status Source of classification or shelving scheme Damaged status Home library Current library Shelving location Date acquired Source of acquisition Sub Shelving location Total Checkouts Full call number Barcode Date last seen Price effective from Koha item type
    Library of Congress Classification   College Library College Library Filipiniana Section 05/14/2015 Library Fund     DS 686.614 .R356 2012 C19289 05/08/2018 05/14/2015 Books

Bulletin of FVR "sermons" :

APA

Ramos F. V., . (2012). Bulletin of FVR "sermons". [Manila, Philippines]: Ramos Peace and Development Foundation and the Manila Bulletin.

Chicago

Ramos Fidel V, . 2012. Bulletin of FVR "sermons". [Manila, Philippines]: Ramos Peace and Development Foundation and the Manila Bulletin.

Harvard

Ramos F. V., . (2012). Bulletin of FVR "sermons". [Manila, Philippines]: Ramos Peace and Development Foundation and the Manila Bulletin.

MLA

Ramos Fidel V, . Bulletin of FVR "sermons". [Manila, Philippines]: Ramos Peace and Development Foundation and the Manila Bulletin. 2012.

  • Place hold
  • Print
  • Cite
  • Add to your cart (remove)
  • Save record
    BIBTEX Dublin Core MARCXML MARC (non-Unicode/MARC-8) MARC (Unicode/UTF-8) MARC (Unicode/UTF-8, Standard) MODS (XML) RIS
  • More searches
    Search for this title in:
    Other Libraries (WorldCat) Other Databases (Google Scholar) Online Stores (Bookfinder.com) Open Library (openlibrary.org)

Exporting to Dublin Core...

SOUTHVILLE LIBRARY

Southville International School and Colleges Library

1281 Tropical Ave. Cor. Luxembourg St., BF Homes International, Las Pinas City

Tel. No. 8256374 / 252358 Loc. 117/146

Powered by Koha